| 000 | 00347nam a2200145Ia 4500 | ||
|---|---|---|---|
| 008 | 230312s9999||||xx |||||||||||||| ||und|| | ||
| 020 | _a0-683-18249-8 | ||
| 082 |
_a617.1027 _bGAR-T |
||
| 100 | _aGarrett;William | ||
| 245 | 0 | _aUS soccer sports medicine book | |
| 260 |
_bWilliams _aUSA _c1996 |
||
| 300 | _a504 | ||
| 650 | _aPharmacy | ||
| 942 | _cBK | ||
| 999 |
_c2187 _d2187 |
||